Vista normal
Vista MARC
Entrada Materia (personas)
Número de registros utilizados en: 7
001 - CONTROL NUMBER
- control field: 109757
003 - CONTROL NUMBER IDENTIFIER
- control field: Co-BoUCM
005 - DATE AND TIME OF LATEST TRANSACTION
- control field: 20211014101636.0
008 - FIXED-LENGTH DATA ELEMENTS
- fixed length control field: 211014|| aca||aabn | a|a d
040 ## - CATALOGING SOURCE
- Original cataloging agency: Co-BoUCM
- Transcribing agency: Co-BoUCM
100 ## - HEADING--PERSONAL NAME
- Personal name: Giraudoux, Jean
- Dates associated with a name: 1882-1944
670 ## - SOURCE DATA FOUND
- Source citation: Work cat.: (Co-BoUCM)5126: Giraudoux, Jean 1882-1944, Amphitryon 38, 1972